Mobile phones groups face curbs (Record no. 63446)

MARC details
000 -LEADER
fixed length control field 00903cam a2200205 4500
001 - CONTROL NUMBER
control field WB1619-19
008 - FIXED-LENGTH DATA ELEMENTS--GENERAL INFORMATION
fixed length control field 000000n2000 000 0 eng u
035 ## - SYSTEM CONTROL NUMBER
System control number (Sirsi) u105964
245 ## - TITLE STATEMENT
Title Mobile phones groups face curbs
260 ## - PUBLICATION, DISTRIBUTION, ETC.
Date of publication, distribution, etc. 2000
490 ## - SERIES STATEMENT
Series statement Financial Times
Volume/sequential designation 12 May 2000, 1(1)
520 ## - SUMMARY, ETC.
Summary, etc. Mobile phone operators are furious at tough outlined government policy on restrictions for the future building of masts and pressure for companies to stop marketing to the young. The tough approach has been triggered by the government-sponsored report "Mobile phones and health" which highlights potential health hazards to children. See WB3618-13 for a summary of the report.
590 ## - LOCAL NOTE (RLIN)
Local note WB
650 ## - SUBJECT ADDED ENTRY--TOPICAL TERM
Topical term or geographic name entry element MOBILE PHONE MASTS
650 ## - SUBJECT ADDED ENTRY--TOPICAL TERM
Topical term or geographic name entry element HEALTH HAZARDS
650 ## - SUBJECT ADDED ENTRY--TOPICAL TERM
Topical term or geographic name entry element INDEPENDENT EXPERT GROUP ON MOBILE PHONES
650 ## - SUBJECT ADDED ENTRY--TOPICAL TERM
Topical term or geographic name entry element CHILDREN
690 ## - LOCAL SUBJECT ADDED ENTRY--TOPICAL TERM (OCLC, RLIN)
Topical term or geographic name as entry element Health and safety
9 (RLIN) 6244
942 ## - ADDED ENTRY ELEMENTS (KOHA)
Suppress in OPAC 0
Holdings
Withdrawn status Lost status Source of classification or shelving scheme Damaged status Not for loan Home library Current library Shelving location Date acquired Total Checkouts Full call number Barcode Date last seen Copy number Price effective from Koha item type
    Dewey Decimal Classification     London London News article 12/05/2000   WB1619-11 105964-1001 06/08/2019 1 06/08/2019 News article